[Event "SM-gruppen"]
[Site "Skara"]
[Date "2002.06.30"]
[Round "1"]
[White "Vernersson, Per"]
[Black "Ernst, Thomas"]
[Result "1-0"]
[WhiteElo "2394"]
[BlackElo "2471"]
[Board "1"]
[WhiteCountry "SWE"]
[BlackCountry "SWE"]

1. d4 Nf6 2. c4 e6 3. Nc3 Bb4 4. e3 O-O 5. Ne2 d5 6. a3 Be7 7. Ng3 c5 8. 
dxc5 Bxc5 9. b4 Bd6 10. Bb2 Nc6 11. cxd5 exd5 12. Nb5 Be5 13. Bxe5 Nxe5 14.
Be2 a5 15. O-O axb4 16. axb4 Rxa1 17. Qxa1 Nc6 18. Qb2 Bg4 19. Bxg4 Nxg4 
20. Nf5 Qg5 21. Nbd6 Nh6 22. h4 Qg6 23. h5 Qg5 24. f4 Qg4 25. Nxh6+ gxh6 
26. Rf3 Qg7 27. Qd2 Qf6 28. Nxb7 Rb8 29. Nc5 Rxb4 30. Qxd5 Kh8 31. Qd7 Rb8
32. Ne4 Qe6 33. Qxe6 fxe6 34. Rg3 Ne7 35. Nd6 Rf8 36. Rg4 Nf5 37. Nxf5 Rxf5
38. Rh4 e5 39. e4 Rf8 40. fxe5 Re8 41. Rf4 Rxe5 42. g4 Kg7 43. Kf2 Ra5 44.
Rf3 Ra1 45. Ke3 Rg1 46. Rf4 Re1+ 47. Kd4 Ra1 48. e5 Ra4+ 49. Ke3 Ra1 50. 
Rc4 Kf7 51. Rc7+ Ke6 52. Rxh7 Kxe5 53. Rxh6 Ra3+ 54. Kd2 Rg3 55. Rg6 Kd4 
56. Ke2 Ke5 57. h6 Rh3 58. g5 Ke4 59. Kd2 Kd4 60. Rg7 Rh2+ 61. Kc1 Kc3 62.
Rc7+ Kd3 63. h7 Ke4 64. g6 1-0

[Event "SM-gruppen"]
[Site "Skara"]
[Date "2002.06.30"]
[Round "1"]
[White "Eriksson, Jonas"]
[Black "Ahlander, Björn"]
[Result "0-1"]
[WhiteElo "2280"]
[BlackElo "2419"]
[Board "2"]
[WhiteCountry "SWE"]
[BlackCountry "SWE"]

1. d4 Nf6 2. c4 e6 3. Nf3 Bb4+ 4. Nbd2 d5 5. e3 O-O 6. Bd3 dxc4 7. Bxc4 b6
8. O-O Bb7 9. a3 Bd6 10. b4 Nbd7 11. Bb2 Ne4 12. Nxe4 Bxe4 13. Nd2 Bb7 14.
f4 Nf6 15. Bd3 Be7 16. Qe2 Qd7 17. b5 Ne8 18. f5 exf5 19. Bxf5 Qd8 20. Bd3
Bg5 21. Nf3 Bh6 22. e4 g6 23. Kh1 Ng7 24. d5 Nh5 25. g3 Bg7 26. Bxg7 Nxg7 
27. Ne5 Qe7 28. Nc6 Bxc6 29. bxc6 Rae8 30. Qa2 Qe5 31. Rae1 Re7 32. Re2 Ne8
33. Qd2 Nd6 34. Qf4 Rfe8 35. Bc2 Kg7 36. a4 a5 37. Kg2 Qxf4 38. Rxf4 f5 39.
e5 Rxe5 40. Rxe5 Rxe5 41. Bb3 Re3 42. Ba2 Ne4 43. Bc4 Rc3 44. Be2 Kf6 45. 
Rf1 Rc2 46. Re1 Nc3 47. d6 cxd6 48. c7 Nxa4 49. Ra1 Rxe2+ 0-1

[Event "SM-gruppen"]
[Site "Skara"]
[Date "2002.06.30"]
[Round "1"]
[White "Eriksson, Johan"]
[Black "Cicak, Slavko"]
[Result "0-1"]
[WhiteElo "2426"]
[BlackElo "2537"]
[Board "3"]
[WhiteCountry "SWE"]
[BlackCountry "SWE"]

1. d4 g6 2. e4 Bg7 3. c4 Nc6 4. d5 Nd4 5. Nc3 c5 6. Nge2 e5 7. Nxd4 exd4 8.
Nb5 d6 9. Bd3 a6 10. Na3 Nf6 11. O-O O-O 12. Bg5 Re8 13. Re1 h6 14. Bh4 g5
15. Bg3 Ng4 16. Qd2 Ne5 17. Be2 Qf6 18. Rab1 Qg6 19. b4 b6 20. bxc5 bxc5 
21. Bd1 Ra7 22. Ba4 Rf8 23. Rb6 h5 24. h4 gxh4 25. Bxe5 Bxe5 26. f4 Qh6 27.
Rf1 f5 28. Qc1 Bf6 29. Qe1 fxe4 30. Qxe4 Re7 31. Qb1 d3 32. Qxd3 Bd4+ 33. 
Kh1 Re3 34. Qd1 h3 35. Rb3 hxg2+ 36. Kxg2 Qg6+ 37. Kh1 Qe4+ 38. Kh2 Re2+ 
39. Kg3 Rg2+ 40. Kh4 Bf6+ 41. Kxh5 Qh7# 0-1

[Event "SM-gruppen"]
[Site "Skara"]
[Date "2002.06.30"]
[Round "1"]
[White "Agrest, Evgenij"]
[Black "Wedberg, Tom"]
[Result "1/2-1/2"]
[WhiteElo "2584"]
[BlackElo "2540"]
[Board "4"]
[WhiteCountry "SWE"]
[BlackCountry "SWE"]

1. Nf3 Nf6 2. c4 c5 3. Nc3 Nc6 4. d4 cxd4 5. Nxd4 e6 6. g3 Qb6 7. Ndb5 Ne5
8. Bg2 a6 9. Na3 Bxa3 10. bxa3 Nxc4 11. Bg5 d5 12. O-O O-O 13. Rc1 Rd8 14.
Bxf6 gxf6 15. e4 d4 16. Na4 Qb5 17. Rxc4 Qxc4 18. Nb6 Qc5 19. Nxa8 Bd7 20.
Qg4+ Kf8 21. Qf4 Rxa8 22. Qxf6 Rc8 23. e5 Bb5 1/2-1/2

[Event "SM-gruppen"]
[Site "Skara"]
[Date "2002.06.30"]
[Round "1"]
[White "Åkesson, Ralf"]
[Black "Hillarp Persson, Tiger"]
[Result "1/2-1/2"]
[WhiteElo "2451"]
[BlackElo "2460"]
[Board "5"]
[WhiteCountry "SWE"]
[BlackCountry "SWE"]

1. Nf3 g6 2. d4 Nf6 3. c4 Bg7 4. Nc3 O-O 5. e4 d6 6. Be2 c5 7. O-O cxd4 8.
Nxd4 Nc6 9. Be3 Bd7 10. Qd2 Nxd4 11. Bxd4 Bc6 12. f3 a5 13. Rab1 Nd7 14. 
Be3 Nc5 15. b3 e6 16. Rfd1 Be5 17. Bd4 Qe7 18. Bf1 Rfd8 19. Qe3 Bxd4 20. 
Rxd4 e5 21. Rd2 Ne6 22. Rbd1 Nd4 23. Ne2 Ne6 24. Nc3 Nd4 25. Ne2 Ne6 
1/2-1/2

[Event "SM-gruppen"]
[Site "Skara"]
[Date "2002.07.01"]
[Round "2"]
[White "Vernersson, Per"]
[Black "Eriksson, Jonas"]
[Result "1/2-1/2"]
[WhiteElo "2394"]
[BlackElo "2280"]
[Board "1"]
[WhiteCountry "SWE"]
[BlackCountry "SWE"]

1. d4 f5 2. c4 Nf6 3. g3 g6 4. Bg2 Bg7 5. Nc3 O-O 6. Nh3 Nc6 7. O-O Kh8 8.
e3 d6 9. Nf4 e5 10. dxe5 dxe5 11. Qxd8 Nxd8 12. Nfd5 c6 13. Nxf6 Bxf6 14. 
b3 e4 15. Ba3 Re8 16. Rac1 Nf7 17. Rfd1 Ne5 18. Ne2 Be6 19. Rc2 Rad8 20. 
Rcd2 Rxd2 21. Rxd2 1/2-1/2

[Event "SM-gruppen"]
[Site "Skara"]
[Date "2002.07.01"]
[Round "2"]
[White "Wedberg, Tom"]
[Black "Åkesson, Ralf"]
[Result "1/2-1/2"]
[WhiteElo "2540"]
[BlackElo "2451"]
[Board "4"]
[WhiteCountry "SWE"]
[BlackCountry "SWE"]

1. e4 c6 2. d4 d5 3. Nd2 dxe4 4. Nxe4 Nd7 5. Bc4 Ngf6 6. Ng5 e6 7. Qe2 Nb6
8. Bd3 h6 9. N5f3 c5 10. Be3 Qc7 11. Ne5 a6 12. Ngf3 Nbd5 13. O-O Bd6 14. 
c3 O-O 15. Rac1 Rd8 16. Bd2 cxd4 17. cxd4 Qe7 18. a3 Bd7 19. Nxd7 Qxd7 20.
Ne5 Qa4 21. Rc4 Qe8 22. f4 Rac8 23. g4 Rxc4 24. Nxc4 Bf8 25. g5 Nd7 26. h4
g6 27. h5 hxg5 28. fxg5 gxh5 29. Qe4 f5 30. gxf6 N7xf6 31. Qg2+ Bg7 32. Ne5
Qa4 33. b4 Rf8 34. Bh6 Ng4 35. Nxg4 Rxf1+ 36. Bxf1 hxg4 37. Qxg4 Qd7 38. 
Bh3 Nc7 39. d5 Nxd5 40. Qxe6+ Qxe6 41. Bxe6+ Kh7 42. Bxg7 Nc7 43. Bc8 Kxg7
44. Bxb7 Kf6 45. Kf2 Ke5 46. Ke3 Kd6 47. Kd3 a5 48. Kc4 axb4 49. Kxb4 Ne8 
50. Bg2 Kc7 51. Kc5 Nd6 52. Bd5 Nc8 53. Kb5 Na7+ 54. Ka6 Nc8 55. Bb3 Nb6 
56. Be6 Kc6 57. Bf7 Kc5 58. Bg8 1/2-1/2

[Event "SM-gruppen"]
[Site "Skara"]
[Date "2002.07.01"]
[Round "2"]
[White "Cicak, Slavko"]
[Black "Agrest, Evgenij"]
[Result "1/2-1/2"]
[WhiteElo "2537"]
[BlackElo "2584"]
[Board "5"]
[WhiteCountry "SWE"]
[BlackCountry "SWE"]

1. d4 Nf6 2. Nf3 e6 3. Bg5 h6 4. Bh4 d6 5. Nc3 g5 6. Bg3 Nh5 7. e3 Bg7 8. 
Nd2 Nxg3 9. hxg3 a6 10. Be2 Nd7 11. g4 d5 12. Bf3 Nf6 13. Qe2 Qe7 14. O-O-O
Bd7 15. e4 1/2-1/2

[Event "SM-gruppen"]
[Site "Skara"]
[Date "2002.07.01"]
[Round "2"]
[White "Ahlander, Björn"]
[Black "Eriksson, Johan"]
[Result "1/2-1/2"]
[WhiteElo "2419"]
[BlackElo "2426"]
[Board "6"]
[WhiteCountry "SWE"]
[BlackCountry "SWE"]

1. d4 g6 2. c4 Bg7 3. Nc3 c5 4. e3 Nf6 5. Nf3 O-O 6. Be2 d5 7. O-O cxd4 8.
exd4 Nc6 9. h3 Be6 10. Ng5 Bf5 11. Be3 h6 12. Nf3 Rc8 13. a3 dxc4 14. Bxc4
Ne4 15. Ba2 Nxc3 16. bxc3 Be4 17. Rc1 e6 18. Qe2 Bd5 19. Rfd1 b5 20. Bb1 a6
21. a4 Bc4 22. Qc2 Na5 23. Nd2 Bd5 24. axb5 axb5 25. Qb2 Qd7 26. Bd3 Nc4 
27. Nxc4 Bxc4 28. Bxc4 Rxc4 29. Rb1 Rfc8 30. Qxb5 Qxb5 31. Rxb5 1/2-1/2

[Event "SM-gruppen"]
[Site "Skara"]
[Date "2002.07.02"]
[Round "3"]
[White "Eriksson, Jonas"]
[Black "Ernst, Thomas"]
[Result "0-1"]
[WhiteElo "2280"]
[BlackElo "2471"]
[Board "1"]
[WhiteCountry "SWE"]
[BlackCountry "SWE"]

1. d4 Nf6 2. c4 g6 3. Nc3 d5 4. Nf3 Bg7 5. Bg5 Ne4 6. cxd5 Nxg5 7. Nxg5 e6
8. Qd2 exd5 9. Qe3+ Kf8 10. Qf4 Bf6 11. h4 h6 12. Nf3 Kg7 13. g4 c5 14. 
dxc5 Qa5 15. Rc1 Nc6 16. Bg2 Bxg4 17. Qxg4 d4 18. Nxd4 Nxd4 19. O-O h5 20.
Qd7 Rae8 21. e3 Ne6 22. Ne4 Re7 23. Qd6 Rd8 24. Qg3 Bxb2 25. Rb1 Qxa2 26. 
f4 f5 27. Nd6 Kh7 28. Qf2 Nxc5 29. Rxb2 Qa6 30. Nb5 Nd3 31. Qd2 Rdd7 32. 
Nd4 Nxb2 33. Qxb2 Rxe3 34. Nf3 Re2 35. Ng5+ Kg8 36. Qb3+ Kg7 37. Bf3 Ree7 
38. Rb1 Qd3 39. Qxd3 Rxd3 40. Rxb7 Rxb7 41. Bxb7 a5 42. Bc6 Rc3 43. Bb5 Rb3
44. Bc6 Rb4 45. Kg2 a4 46. Ne6+ Kf6 47. Nc7 Rb2+ 48. Kg3 a3 49. Nd5+ Kg7 
0-1

[Event "SM-gruppen"]
[Site "Skara"]
[Date "2002.07.02"]
[Round "3"]
[White "Eriksson, Johan"]
[Black "Vernersson, Per"]
[Result "1-0"]
[WhiteElo "2426"]
[BlackElo "2394"]
[Board "2"]
[WhiteCountry "SWE"]
[BlackCountry "SWE"]

1. d4 d5 2. c4 dxc4 3. Nf3 Nf6 4. Nc3 c6 5. a4 Bf5 6. Ne5 Nbd7 7. Nxc4 Nb6
8. Ne5 Nbd7 9. Qb3 Nxe5 10. dxe5 Nd7 11. e4 Be6 12. Qxb7 Rc8 13. Qxa7 Nxe5
14. Be3 Nd3+ 15. Bxd3 Qxd3 16. Rd1 Qc4 17. Qb7 Qb3 18. Bb6 f5 19. exf5 Bxf5
20. O-O h5 21. Ne4 Rh6 22. Ng5 e5 23. Rfe1 Be7 24. a5 h4 25. Rd2 Rd6 26. 
Rxd6 Bxd6 27. Qxg7 Qd5 28. Qf6 h3 29. Nxh3 Bxh3 30. Qh8+ Ke7 31. Qh4+ Kf7 
32. Qxh3 Rg8 33. Qh7+ Rg7 34. Qe4 Ke6 35. a6 Bb8 36. Qxd5+ Kxd5 37. Ra1 Ba7
38. Bxa7 Rxa7 39. h4 c5 40. g4 Kc4 41. Ra3 1-0

[Event "SM-gruppen"]
[Site "Skara"]
[Date "2002.07.02"]
[Round "3"]
[White "Agrest, Evgenij"]
[Black "Ahlander, Björn"]
[Result "1-0"]
[WhiteElo "2584"]
[BlackElo "2419"]
[Board "3"]
[WhiteCountry "SWE"]
[BlackCountry "SWE"]

1. c4 e6 2. Nc3 d5 3. d4 Nf6 4. cxd5 exd5 5. Bg5 c6 6. Qc2 Na6 7. e3 Nb4 8.
Qb1 a5 9. a3 Na6 10. Bd3 Be7 11. Nf3 Nc7 12. O-O Ne6 13. Bh4 g6 14. b4 axb4
15. axb4 Rxa1 16. Qxa1 O-O 17. b5 c5 18. dxc5 Nxc5 19. Bc2 Bg4 20. Nd4 Qd7
21. Bd1 Rd8 22. Be2 Bxe2 23. Ncxe2 Nce4 24. h3 Rc8 25. Qb2 Rc4 26. Qa2 Qc8
27. Ra1 Kg7 28. Qa8 Nc3 29. Qxc8 Nxe2+ 30. Kf1 Rxc8 31. Kxe2 Bc5 32. Bxf6+
Kxf6 33. Rc1 b6 34. Nb3 Ke5 35. Kd3 Kd6 36. Ra1 Bb4 37. Nd4 Rc3+ 38. Ke2 
Bc5 39. Ra7 Bxd4 40. exd4 Rc2+ 41. Ke3 Rc3+ 42. Kd2 Rc7 43. Ra6 Rb7 44. Ra8
Ke6 45. g4 Rd7 46. Rb8 Rd6 47. Rh8 Kf6 48. f3 Kg7 49. Rc8 g5 50. Ke3 Re6+ 
51. Kf2 Rd6 52. Kg3 h6 53. h4 Kh7 54. Rc6 Re6 55. hxg5 hxg5 56. Rxe6 fxe6 
57. f4 Kg6 58. fxg5 Kxg5 59. Kf3 1-0

[Event "SM-gruppen"]
[Site "Skara"]
[Date "2002.07.02"]
[Round "3"]
[White "Åkesson, Ralf"]
[Black "Cicak, Slavko"]
[Result "0-1"]
[WhiteElo "2451"]
[BlackElo "2537"]
[Board "4"]
[WhiteCountry "SWE"]
[BlackCountry "SWE"]

1. d4 e6 2. c4 c5 3. d5 d6 4. Nc3 g6 5. e4 Nf6 6. Bd3 Bg7 7. h3 O-O 8. Bg5
h6 9. Be3 Re8 10. Nf3 a6 11. a4 a5 12. Qd2 Kh7 13. O-O e5 14. Nb5 Ra6 15. 
Nh2 Nbd7 16. g4 g5 17. f3 Nf8 18. Rf2 Ng6 19. Nf1 Nf4 20. Rh2 Nd7 21. Ng3 
Nf8 22. Kf2 N8g6 23. Rah1 Nh4 24. Bc2 Rh8 25. Nf5 Bxf5 26. exf5 e4 27. Bxf4
Nxf3 28. Qc1 gxf4 29. f6 Re8 30. Qxf4 Nxh2 31. Bxe4+ Kg8 32. fxg7 Qe7 33. 
Nc3 Qh4+ 34. Kg2 Rb6 35. Qf5 Rxb2+ 36. Bc2 Rxc2+ 37. Qxc2 Re3 0-1

[Event "SM-gruppen"]
[Site "Skara"]
[Date "2002.07.02"]
[Round "3"]
[White "Berg, Emanuel"]
[Black "Wedberg, Tom"]
[Result "0-1"]
[WhiteElo "2503"]
[BlackElo "2540"]
[Board "5"]
[WhiteCountry "SWE"]
[BlackCountry "SWE"]

1. e4 e5 2. Nf3 Nc6 3. Bb5 Nf6 4. O-O Nxe4 5. d4 Nd6 6. Bxc6 dxc6 7. dxe5 
Nf5 8. Qxd8+ Kxd8 9. Nc3 a5 10. Ne4 h6 11. h3 Ne7 12. Nd4 b6 13. Rd1 Bd7 
14. a4 Kc8 15. f4 c5 16. Ne2 Bc6 17. N4g3 h5 18. Nc3 h4 19. Nge4 Nf5 20. 
Ng5 Be8 21. Nd5 c4 22. Be3 Nxe3 23. Nxe3 Bc5 24. Kf2 Bc6 25. Nxf7 Rf8 26. 
e6 Kb7 27. Re1 Rae8 28. f5 g6 29. Kf1 gxf5 30. Nxc4 Rg8 31. Re2 f4 32. e7 
Rxe7 33. Rxe7 Bxe7 34. Nfe5 Bxg2+ 35. Ke2 Bc5 36. Nd3 f3+ 37. Kd2 Bd4 38. 
Ne3 Re8 39. Re1 Bxh3 40. c3 Bf6 41. Nf4 f2 0-1

[Event "SM-gruppen"]
[Site "Skara"]
[Date "2002.07.02"]
[Round "3"]
[White "Brynell, Stellan"]
[Black "Hillarp Persson, Tiger"]
[Result "1/2-1/2"]
[WhiteElo "2506"]
[BlackElo "2460"]
[Board "6"]
[WhiteCountry "SWE"]
[BlackCountry "SWE"]

1. e4 e6 2. d4 d5 3. Nd2 dxe4 4. Nxe4 Bd7 5. Nf3 Bc6 6. Bd3 Nd7 7. O-O Ngf6
8. Ng3 g6 9. Re1 Bg7 10. Bf4 O-O 11. c3 Bxf3 12. Qxf3 Nd5 13. Bc4 Nxf4 14.
Qxf4 Nb6 15. Bb3 Nd5 16. Qf3 c6 17. Ne4 Qc7 18. g3 Rad8 19. Rad1 b6 20. h4
h6 21. h5 g5 22. c4 Ne7 23. Nf6+ Kh8 24. Bc2 Ng8 25. Nxg8 Kxg8 26. Qe4 Rfe8
27. d5 Kf8 28. dxc6 Bxb2 29. Ba4 Rxd1 30. Rxd1 Rd8 31. Rd7 Rxd7 32. cxd7 
Kg7 33. Qd3 Bf6 34. Bc2 Kf8 35. Ba4 Kg7 36. Bb5 Bd8 37. Qc3+ Bf6 38. Qd3 
Bd8 39. Qc3+ Bf6 40. Qd3 1/2-1/2

[Event "SM-gruppen"]
[Site "Skara"]
[Date "2002.07.02"]
[Round "3"]
[White "Hector, Jonny"]
[Black "Barkhagen, Jonas"]
[Result "1-0"]
[WhiteElo "2513"]
[BlackElo "2455"]
[Board "7"]
[WhiteCountry "SWE"]
[BlackCountry "SWE"]

1. e4 e5 2. Nf3 Nc6 3. Nc3 Nf6 4. g3 Bc5 5. Bg2 d6 6. d3 a6 7. Be3 Bxe3 8.
fxe3 Ne7 9. d4 Ng6 10. h3 c6 11. Qd3 O-O 12. O-O-O Qa5 13. g4 b5 14. g5 Nd7
15. Kb1 Nb6 16. Nd2 exd4 17. Nb3 Qb4 18. exd4 Nf4 19. Qg3 Nxg2 20. a3 Qc4 
21. Na5 Qe6 22. Nxc6 Nc4 23. d5 Qd7 24. Qxg2 Ne3 25. Qg3 Nxd1 26. Rxd1 Bb7
27. Nd4 Rae8 28. Rf1 Kh8 29. Rf4 Qe7 30. Nd1 Bc8 31. Nf2 Qa7 32. c3 Qc5 33.
Qf3 Kg8 34. Rh4 Re5 1-0

[Event "SM-gruppen"]
[Site "Skara"]
[Date "2002.07.03"]
[Round "4"]
[White "Vernersson, Per"]
[Black "Agrest, Evgenij"]
[Result "1/2-1/2"]
[WhiteElo "2394"]
[BlackElo "2584"]
[Board "1"]
[WhiteCountry "SWE"]
[BlackCountry "SWE"]

1. d4 Nf6 2. c4 e6 3. g3 c5 4. Nf3 cxd4 5. Nxd4 Qc7 6. b3 Bb4+ 7. Bd2 Bc5 
8. Bc3 Ne4 9. Bg2 Nxc3 10. Nxc3 a6 11. O-O O-O 12. e3 Be7 13. Rc1 d6 14. f4
g6 15. h4 Nd7 16. h5 Nf6 17. hxg6 hxg6 18. Ne4 Nxe4 19. Bxe4 f5 20. Bg2 Bf6
21. g4 e5 22. Bd5+ Kg7 23. g5 exd4 24. gxf6+ Rxf6 25. Qxd4 Bd7 26. Kf2 Rh8
27. Rh1 Rxh1 28. Rxh1 Bc6 29. b4 Bxd5 30. cxd5 Qc2+ 31. Kf3 Qc8 32. Kg3 Qc2
33. Kf3 Qc8 34. Kg3 Qc2 1/2-1/2

[Event "SM-gruppen"]
[Site "Skara"]
[Date "2002.07.03"]
[Round "4"]
[White "Eriksson, Jonas"]
[Black "Eriksson, Johan"]
[Result "1-0"]
[WhiteElo "2280"]
[BlackElo "2426"]
[Board "2"]
[WhiteCountry "SWE"]
[BlackCountry "SWE"]

1. c4 g6 2. Nc3 Bg7 3. e4 d6 4. d4 Nf6 5. Nge2 a6 6. Ng3 h5 7. h4 Nbd7 8. 
Be2 c5 9. d5 b5 10. cxb5 axb5 11. Bxb5 O-O 12. O-O Ba6 13. Bxa6 Rxa6 14. 
Qe2 Qb6 15. Bg5 Rb8 16. Rfb1 Ng4 17. Nd1 Nde5 18. f3 Nf6 19. Be3 Qb5 20. 
Qxb5 Rxb5 21. Ne2 Nc4 22. Bc1 Nd7 23. Nec3 Rb8 24. Kf1 Rab6 25. b3 Nce5 26.
Ke2 e6 27. Be3 R6b7 28. Rc1 Nb6 29. Rab1 exd5 30. exd5 Ned7 31. b4 Re8 32.
Kf2 Ne5 33. bxc5 Nd3+ 34. Kf1 dxc5 35. Rc2 Bd4 36. Ne4 Rd8 37. Bxd4 cxd4 
38. Rd2 Nf4 39. Rxd4 Ne6 40. Rdb4 Rxd5 41. Nf6+ 1-0

[Event "SM-gruppen"]
[Site "Skara"]
[Date "2002.07.03"]
[Round "4"]
[White "Hillarp Persson, Tiger"]
[Black "Hector, Jonny"]
[Result "1/2-1/2"]
[WhiteElo "2460"]
[BlackElo "2513"]
[Board "3"]
[WhiteCountry "SWE"]
[BlackCountry "SWE"]

1. d4 d5 2. c4 c6 3. Nf3 Nf6 4. e3 Bf5 5. Nc3 e6 6. Nh4 Be4 7. f3 Bg6 8. 
Qb3 Qb6 9. Nxg6 hxg6 10. Bd2 Nbd7 11. g3 Bd6 12. Kf2 Qc7 13. Kg2 dxc4 14. 
Bxc4 O-O 15. Rac1 e5 16. Qc2 Kh8 17. Bb3 Rae8 18. Rhe1 a6 19. Qd3 Qb8 20. 
Ne4 Nxe4 21. Qxe4 Qd8 22. Qg4 Nf6 23. Qh4+ Kg8 24. dxe5 Rxe5 25. Bc3 Rh5 
26. Bxf6 gxf6 27. Qg4 Rg5 28. Qc4 Qc7 29. f4 Rh5 30. Rcd1 Kg7 31. Re2 c5 
32. Qe4 Rhh8 33. h4 Re8 34. Qd5 Rd8 35. Red2 Rhf8 36. Qf3 c4 37. Bxc4 Qxc4
38. Rxd6 Qc2+ 39. Kh3 Rxd6 40. Rxd6 Qxb2 41. Qd5 Qf2 42. Rxf6 1/2-1/2

[Event "SM-gruppen"]
[Site "Skara"]
[Date "2002.07.03"]
[Round "4"]
[White "Wedberg, Tom"]
[Black "Brynell, Stellan"]
[Result "1/2-1/2"]
[WhiteElo "2540"]
[BlackElo "2506"]
[Board "4"]
[WhiteCountry "SWE"]
[BlackCountry "SWE"]

1. e4 e6 2. d4 d5 3. Nc3 Nf6 4. Bg5 dxe4 5. Nxe4 Be7 6. Bxf6 gxf6 7. Nf3 b6
8. Bc4 Bb7 9. Qe2 c6 10. O-O-O Qc7 11. Kb1 Nd7 12. Rhe1 O-O-O 13. Ba6 Rdg8
14. Bxb7+ Kxb7 15. g3 f5 16. Ned2 h5 17. c4 Bf6 18. d5 Nc5 19. Nb3 Nxb3 20.
axb3 Rd8 21. dxe6 Rhe8 22. Rxd8 Qxd8 23. Rd1 Qe7 24. Qd3 Qxe6 25. Re1 Rd8 
26. Rxe6 Rxd3 27. Rxf6 Rxf3 28. Rxf7+ Ka6 29. Rh7 Rxf2 30. Rxh5 Ka5 31. Rh6
Kb4 32. Ka2 Kc5 33. Rf6 Rxh2 34. Rxf5+ Kb4 35. Rf7 Rg2 36. Rg7 Rg1 37. Rg6
Rg2 38. Rg4 Rg1 39. Rg7 Rg2 40. Rg6 Rg1 41. g4 Rg3 42. Rxc6 Rxb3 43. g5 Rg3
44. g6 Rg1 45. Rc7 1/2-1/2

[Event "SM-gruppen"]
[Site "Skara"]
[Date "2002.07.03"]
[Round "4"]
[White "Ernst, Thomas"]
[Black "Barkhagen, Jonas"]
[Result "1/2-1/2"]
[WhiteElo "2471"]
[BlackElo "2455"]
[Board "7"]
[WhiteCountry "SWE"]
[BlackCountry "SWE"]

1. e4 c5 2. Nf3 Nc6 3. d4 cxd4 4. Nxd4 Nf6 5. Nc3 d6 6. Bg5 e6 7. Qd2 a6 8.
O-O-O Nxd4 9. Qxd4 Be7 10. f4 b5 11. Bxf6 gxf6 12. f5 Qc7 13. Be2 Qc5 14. 
Qxc5 dxc5 15. fxe6 Bxe6 16. Nd5 Bxd5 17. exd5 Bd6 18. h3 O-O 19. Rhf1 Kg7 
20. Bg4 Rad8 21. Rf3 Be5 22. c3 Rd6 23. Rff1 Rfd8 24. Bf3 f5 25. Kc2 Rb8 
26. Ra1 b4 27. Rfe1 f6 28. c4 a5 29. Re3 a4 1/2-1/2

[Event "SM-gruppen"]
[Site "Skara"]
[Date "2002.07.04"]
[Round "5"]
[White "Agrest, Evgenij"]
[Black "Eriksson, Jonas"]
[Result "1-0"]
[WhiteElo "2584"]
[BlackElo "2280"]
[Board "2"]
[WhiteCountry "SWE"]
[BlackCountry "SWE"]

1. d4 Nf6 2. Nf3 e6 3. g3 b6 4. Bg2 Bb7 5. c4 Be7 6. O-O d6 7. Nc3 O-O 8. 
d5 exd5 9. cxd5 b5 10. Qb3 a6 11. Nd4 Nbd7 12. a3 Nb6 13. e4 Nfd7 14. Bf4 
Bf6 15. Rad1 Re8 16. Qc2 Bxd4 17. Rxd4 Ne5 18. Rdd1 Bc8 19. Bc1 Bg4 20. f3
Bh5 21. b3 Nbd7 22. g4 Bg6 23. h3 h5 24. f4 hxg4 25. fxe5 gxh3 26. Bxh3 
Nxe5 27. Qg2 Qh4 28. Rf4 Qh5 29. Qg3 a5 30. Rdf1 b4 31. Rh4 Qxh4 32. Qxh4 
bxc3 33. Qe1 c2 34. Qe2 Rab8 35. Qxc2 Nf3+ 36. Rxf3 Bxe4 37. Qc3 Bxf3 38. 
Bb2 Re5 39. Qxf3 Re1+ 40. Kf2 Rbe8 41. Be6 1-0

[Event "SM-gruppen"]
[Site "Skara"]
[Date "2002.07.04"]
[Round "5"]
[White "Berg, Emanuel"]
[Black "Ahlander, Björn"]
[Result "1-0"]
[WhiteElo "2503"]
[BlackElo "2419"]
[Board "4"]
[WhiteCountry "SWE"]
[BlackCountry "SWE"]

1. e4 e5 2. f4 exf4 3. Nf3 Be7 4. Bc4 Nf6 5. Nc3 Nxe4 6. Bxf7+ Kxf7 7. Nxe4
Rf8 8. O-O Kg8 9. d4 d5 10. Nc5 Nc6 11. c3 Kh8 12. Nd3 g5 13. Nfe5 Bf5 14.
h4 Nxe5 15. Nxe5 Be4 16. Qh5 Qe8 17. Qh6 Rg8 18. g4 a5 19. hxg5 Bxg5 20. 
Qh2 f3 21. Bxg5 Rxg5 22. Qf4 Rg7 23. Rae1 Qg8 24. Kf2 Rf8 25. Qh6 Rg5 26. 
Nd7 Rf7 27. Nf6 Qg7 28. Qxg7+ Kxg7 29. Nxe4 dxe4 30. Rxe4 Rg6 31. Kg3 Rb6 
32. b3 Rbf6 33. Rf2 Kg6 34. Re3 b6 35. a4 h6 36. c4 Rf4 37. Rexf3 Rxf3+ 38.
Rxf3 Re7 39. Kf4 Re1 40. Re3 Rf1+ 41. Kg3 Rd1 42. d5 Kf6 43. Re6+ Kg5 44. 
Re5+ Kf6 45. Re8 Rg1+ 46. Kf3 Rb1 47. Kf4 Rf1+ 48. Kg3 Rg1+ 49. Kf3 Rb1 50.
Re6+ Kg5 51. Re7 Rxb3+ 52. Ke4 Rb4 53. Rxc7 Rxa4 54. d6 Ra1 55. Kd5 a4 56.
d7 Rd1+ 57. Kc6 a3 58. Ra7 Rd4 59. Rxa3 Kxg4 60. Ra8 Rxc4+ 61. Kd5 Rc1 62.
Ra4+ 1-0

[Event "SM-gruppen"]
[Site "Skara"]
[Date "2002.07.04"]
[Round "5"]
[White "Brynell, Stellan"]
[Black "Cicak, Slavko"]
[Result "1/2-1/2"]
[WhiteElo "2506"]
[BlackElo "2537"]
[Board "5"]
[WhiteCountry "SWE"]
[BlackCountry "SWE"]

1. d4 Nf6 2. Nf3 d6 3. Nc3 Bg4 4. e4 e6 5. Be2 c6 6. O-O Be7 7. Bg5 d5 8. 
e5 Bxf3 9. Bxf3 Nfd7 10. Bxe7 Qxe7 11. Be2 a6 12. f4 c5 13. dxc5 Qxc5+ 14.
Kh1 Nc6 15. Bd3 g5 16. Qh5 gxf4 17. Rae1 Qd4 18. g3 O-O-O 19. Rxf4 Qb6 20.
Qxf7 Rhe8 21. b4 Ncxe5 22. Qh5 Qc7 23. Ne2 Nc6 24. b5 axb5 25. Bxb5 Qa5 26.
Rb1 Qxa2 27. Nc3 Qxc2 28. Rff1 Ndb8 29. Rfc1 Qf5 30. Qe2 Rf8 31. Kg1 d4 32.
Na4 d3 33. Nb6+ Kc7 34. Na8+ Kd6 35. Bxd3 Nd4 36. Qe3 Qe5 37. Qxe5+ Kxe5 
38. Kg2 Ndc6 39. Re1+ Kf6 40. Rf1+ Ke5 41. Rfe1+ Kd6 42. Bxh7 Na6 43. Nb6 
Kc7 44. Nc4 Rd4 45. Re4 Nc5 46. Rxd4 Nxd4 47. h4 b5 48. Ne5 1/2-1/2